| Tag |
First Indicator |
Second Indicator |
Subfields |
| LEADER |
00000cam a2200000 4500 |
| 001 |
in00000620105 |
| 005 |
20151015051043.0 |
| 008 |
741108s1955 ilu b 00000 eng |
| 010 |
|
|
|a 55008711
|
| 035 |
|
|
|a (OCoLC)01070076
|
| 035 |
|
|
|9 ACT4149AM
|
| 040 |
|
|
|a SNN
|c SNN
|d TXA
|d UtOrBLW
|
| 049 |
|
|
|a TXAM
|c [1540201]
|
| 050 |
0 |
0 |
|a Z1223.5.A1
|b P8
|
| 082 |
0 |
|
|a 016.3287301
|
| 100 |
1 |
|
|a Pullen, William Russell.
|
| 245 |
1 |
2 |
|a A check list of legislative journals issued since 1937 by the States of the United States of America.
|
| 264 |
|
1 |
|a Chicago :
|b American Library Association,
|c 1955.
|
| 300 |
|
|
|a 59 pages ;
|c 23 cm.
|
| 336 |
|
|
|a text
|b txt
|2 rdacontent
|
| 337 |
|
|
|a unmediated
|b n
|2 rdamedia
|
| 338 |
|
|
|a volume
|b nc
|2 rdacarrier
|
| 650 |
|
0 |
|a Legislative bodies
|z United States
|x Bibliography.
|
| 650 |
|
0 |
|a Law
|z United States
|x Bibliography.
|
| 650 |
|
0 |
|a State government publications
|z United States
|v Bibliography.
|
| 651 |
|
0 |
|a United States
|x Politics and government
|x Bibliography.
|
| 999 |
|
|
|a MARS
|
| 999 |
f |
f |
|s 71cb970e-08fe-3c5f-93c3-2593900793d9
|i 9881153a-ab1b-33bd-b880-168e1f6a3238
|t 0
|
| 952 |
f |
f |
|p ric
|a Texas A&M University
|b Rellis Campus
|c Joint Library Facility
|d Remote Storage
|t 0
|e Z1223.5.A1 P8
|h Library of Congress classification
|i unmediated -- volume
|m A14805759758
|
| 998 |
f |
f |
|a Z1223.5.A1 P8
|t 0
|l Remote Storage
|